00694nam a2200193Ii 450000100060000000300090000600800410001502000180005604000330007404100080010708200160011510000430013124501110017426401220028530000120040733600260041933700280044533800270047316356CO-ViMGA241108s9999||||xx |||||||||||||| ||und|| a9789587163803 aCO-ViMGAbspaerdacCO-ViMGA0 aunk04a320.011 G611 aFernán Enrique González González10aGobernanza y conflicto en Colombia :binteracción entre gobernantes y gobernados en un contexto violento 1a[Lugar de publicación no identificado] : Pontificia Universidad Javeriana, [Fecha de publicación no identificada] avolumen atextbtxt2rdacontent aunmediatedbn2rdamedia avolumebnc2rdacarrier